00394nam a22001217a 4500020001600000082000800016100001600024245010600040260003300146300002800179650004200207700002300249 qHard Cover. a624 aKhan, Abid. aA framework for maintenance and rehabilitation (M&R) of airfields pavements in Pakistan /cAbid Khan. aIslamabad:bNIT NUST,c2012. a201 p. :bill. ;c30cm. aTransportation Engineering MS-Thesis. aDr. Muhammad Irfan